LEADER 02915nam 22006491 450 001 9910453959503321 005 20200520144314.0 010 $a1-61147-636-4 035 $a(CKB)2550000001150926 035 $a(EBL)1471882 035 $a(OCoLC)861559157 035 $a(SSID)ssj0001036977 035 $a(PQKBManifestationID)12461520 035 $a(PQKBTitleCode)TC0001036977 035 $a(PQKBWorkID)11043369 035 $a(PQKB)11456828 035 $a(MiAaPQ)EBC1471882 035 $a(Au-PeEL)EBL1471882 035 $a(CaPaEBR)ebr10783442 035 $a(CaONFJC)MIL546387 035 $a(EXLCZ)992550000001150926 100 $a20131021h20132013 uy 0 101 0 $aeng 135 $aur|n|---||||| 181 $ctxt 182 $cc 183 $acr 200 10$aErnst Toller and German society $eintellectuals as leaders and critics, 1914-1939 /$fRobert Ellis 210 1$aMadison, [New Jersey] :$cFairleigh Dickinson University Press,$d[2013] 210 4$dİ2013 215 $a1 online resource (251 p.) 300 $aDescription based upon print version of record. 311 $a1-68393-068-1 311 $a1-61147-635-6 320 $aIncludes bibliographical references and index. 327 $aContents; Acknowledgments; Chapter One: Introduction; Chapter Two: The Intellectual as Critic; Chapter Three: "Wandering"; Chapter Four: The Attractions of Ideology; Chapter Five: Revolution of Love; Chapter Six: "A Gentle Apostle"; Chapter Seven: The Critic as Exile; Chapter Eight: Conclusion; Selected Bibliography; About the Author 330 $aBetween 1918 and 1939 Ernst Toller was one of Germany's prominent left-wing intellectuals, He was a leader of the German Revolution of 1918-1919, famous playwright of the 1920s and best known spokesman against Hitler during the 1930s, writing about a country unsuccessfully balancing between survival and annihilation. This study, the first comprehensive analysis in two decades, shows the influence that intellectuals can have in of a troubled society and asks what qualities make leaders effective. 517 3 $aIntellectuals as leaders and critics, 1914-1939 606 $aPolitics and literature$zGermany$xHistory$y20th century 606 $aDramatists, German$y20th century$vBiography 606 $aAuthors, German$y20th century$vBiography 606 $aIntellectuals$zGermany$xHistory$y20th century 607 $aGermany$xPolitics and government$y1918-1933 608 $aElectronic books. 615 0$aPolitics and literature$xHistory 615 0$aDramatists, German 615 0$aAuthors, German 615 0$aIntellectuals$xHistory 676 $a832/.912 700 $aEllis$b Robert$f1946-$0911332 801 0$bMiAaPQ 801 1$bMiAaPQ 801 2$bMiAaPQ 906 $aBOOK 912 $a9910453959503321 996 $aErnst Toller and German society$92040873 997 $aUNINA LEADER 02457nam 2200625 a 450 001 9910795716103321 005 20200520144314.0 010 0 $a0191537845 010 0 $a9780191537844 035 $a(MiAaPQ)EBC7033596 035 $a(CKB)24235056800041 035 $a(MiAaPQ)EBC415166 035 $a(Au-PeEL)EBL415166 035 $a(CaPaEBR)ebr10197098 035 $a(CaONFJC)MIL115500 035 $a(OCoLC)437092993 035 $a(EXLCZ)9924235056800041 100 $a20070618d2007 uy 0 101 0 $aeng 135 $aur||||||||||| 200 00$aClassics in post-colonial worlds$b[electronic resource] /$fedited by Lorna Hardwick and Carol Gillespie 210 $aOxford [England] ;$aNew York $cOxford University Press$d2007 215 $axv, 422 p 225 1 $aClassical presences 300 $aPapers from a conference, Classics in Post-Colonial Worlds, held at the Open University in Harborne, Birmingham, in May 2004. 320 $aIncludes bibliographical references (p. [364]-409) and index. 410 0$aClassical presences. 517 3 $aClassics in postcolonial worlds 606 $aCommonwealth literature (English)$xClassical influences 606 $aCommonwealth literature (English)$xGreek influences 606 $aAfrican drama (English)$xGreek influences 606 $aCaribbean literature (English)$xClassical influences 606 $aCaribbean literature (English)$xGreek influences 606 $aPostcolonialism$zCommonwealth countries 606 $aClassicism in literature 606 $aComparative literature$xModern and classical 606 $aInfluence (Literary, artistic, etc.) 615 0$aCommonwealth literature (English)$xClassical influences. 615 0$aCommonwealth literature (English)$xGreek influences. 615 0$aAfrican drama (English)$xGreek influences. 615 0$aCaribbean literature (English)$xClassical influences. 615 0$aCaribbean literature (English)$xGreek influences. 615 0$aPostcolonialism 615 0$aClassicism in literature. 615 0$aComparative literature$xModern and classical. 615 0$aInfluence (Literary, artistic, etc.) 676 $a820.9/9171241 701 $aHardwick$b Lorna$0176614 701 $aGillespie$b Carol$01538611 801 0$bMiAaPQ 801 1$bMiAaPQ 801 2$bMiAaPQ 912 $a9910795716103321 996 $aClassics in post-colonial worlds$93788729 997 $aUNINA